Glosario de voces ibéricas y latinas usadas entre los mozárabes (Record no. 165410)

MARC details
000 -LEADER
campo de control de longitud fija 01064nam a2200253 i 4500
001 - NÚMERO DE CONTROL
campo de control 165410
003 - IDENTIFICADOR DE NÚMERO DE CONTROL
campo de control ES-MaACL
005 - FECHA Y HORA DE LA ÚLTIMA TRANSACCIÓN
campo de control 20251014063241.0
008 - DATOS DE LONGITUD FIJA--INFORMACIÓN GENERAL
campo de control de longitud fija 940615s1888 sp |||| | spa d
040 ## - FUENTE DE CATALOGACIÓN
Centro catalogador/agencia de origen CAM
Lengua de catalogación spa
080 ## - NÚMERO DE LA CLASIFICACIÓN DECIMAL UNIVERSAL
Número de la Clasificación Decimal Universal (038)=134.2'282(460=411.21)
100 1# - ENTRADA PRINCIPAL--NOMBRE DE PERSONA
Nombre de persona Simonet, Francisco Javier,
Fechas asociadas al nombre 1829-1897
9 (RLIN) 106570
245 10 - MENCIÓN DEL TÍTULO
Título Glosario de voces ibéricas y latinas usadas entre los mozárabes
Resto del título : precedido de un estudio sobre el dialecto hispano-mozárabe /
Mención de responsabilidad, etc. por Francisco Javier Simonet.
260 ## - PUBLICACIÓN, DISTRIBUCIÓN, ETC.
Lugar de publicación, distribución, etc. Madrid :
Nombre del editor, distribuidor, etc. Real Academia Española,
Fecha de publicación, distribución, etc. 1888 (
Fabricante Tipográficas de Fontanet)
300 ## - DESCRIPCIÓN FÍSICA
Extensión CCXXXVI, 628 p., [1] h. de lám. ;
Dimensiones 27 cm.
500 ## - NOTA GENERAL
Nota general Obra premiada en público certamen de la Real Academia Española, y publicada a sus expensas.
504 ## - NOTA DE BIBLIOGRAFÍA, ETC.
Nota de bibliografía, etc. Bibliografía: p. [CCXIX]-CCXXXII.
596 ## - NOTA AL PIE DE IMPRENTA
NOTA AL PIE DE IMPRENTA Fecha de cub. : 1889.
597 ## - NOTA DE DESCRIPCIÓN FÍSICA
NOTA DE DESCRIPCIÓN FÍSICA La h. de lám. facs.
650 #7 - PUNTO DE ACCESO ADICIONAL DE MATERIA--TÉRMINO DE MATERIA
Término de materia o nombre geográfico como elemento de entrada Dialectos mozárabes
Fuente del encabezamiento o término embne
9 (RLIN) 141211
710 2# - ENTRADA AGREGADA--NOMBRE DE ENTIDAD CORPORATIVA
Nombre de entidad corporativa o nombre de jurisdicción como elemento de entrada Real Academia Española
9 (RLIN) 6336
852 4# - LOCALIZACIÓN
Ubicación ES-MaACL
Número de control de estantería B-11271
Nota libre -- Enc. pasta
Holdings
Estatus retirado Estado de pérdida Estado de daño No para préstamo Colección Biblioteca de origen Biblioteca actual Ubicación en estantería Fecha de adquisición Fuente de adquisición Total de préstamos Signatura topográfica completa Código de barras Visto por última vez Precio de reemplazo Tipo de ítem Koha
        Libros del s. XIX Biblioteca del Ateneo de Madrid Biblioteca del Ateneo de Madrid Sala Pardo Bazán 17/01/2008     B-11271 1173455 23/02/2023 23/02/2023 Libro impreso antiguo